000 01302nam a2200313 a 4500
003 BLK
005 20240419102957.0
008 201211b bu |||||r|||| 00| | bu d
020 _a9789549734560
040 _aBLK
041 _aBUL
_cBUL
080 _aФилософски мистицизъм. Ранни езотерични школи. Кабала. Теософия. Антропософия. Суфизъм. Еклектизъм. Синкретизъм. Херметизъм. Розенкройцерство. Др. школи
_b141.33
_z141.33
084 _aД 95
100 _aДънов, Петър Константинов
_9244373
245 _aПрозрения за Простотата
_bИз словото на Учителя Петър Дънов
_cПетър Дънов.
257 _aBGR
260 _9219554
_aВарна
_bЛогос
_c2014
_n978-954-9734-
300 _a360 с.
_c20 см
380 _a1
504 _aБиблиогр.: с. 352-359.
650 0 _9255933
_aДъновизъм - България
650 0 _9436404
_aЕзотерика
852 _bП
_c14/Д 95 П
942 _cKNG
_n0
_s1
_02
944 _cНора Радева
_k30576
_lЦветомила Тодорова
_aED
999 _c507940
_d507940
999 _d507940
999 _d507940